[Event "SUI-ch U16"]
[Site "Kreuzlingen"]
[Date "2016.07.02"]
[Round "6.4"]
[White "Lucca, Kevin"]
[Black "Giesinger, Elias"]
[Result "0-1"]
[WhiteElo "1956"]
[BlackElo "2023"]
[PlyCount "76"]
[EventDate "2016.??.??"]

1. e4 c5 2. Nf3 Nc6 3. d4 cxd4 4. Nxd4 g6 5. Nc3 Bg7 6. Be3 Nf6 7. Bc4 d6 8. f3
O-O 9. Qd2 Bd7 10. O-O-O Rb8 11. Bb3 Na5 12. Bh6 Bxh6 13. Qxh6 b5 14. h4 e5 15.
Nde2 b4 16. Nd5 Nxb3+ 17. axb3 Nxd5 18. Rxd5 Rb6 19. h5 Qe7 20. Ng3 Be6 21. Rd2
Rc8 22. Kb1 Ra6 23. hxg6 fxg6 24. Nf1 Rc5 25. Rf2 Rca5 26. Kc1 d5 27. exd5 Rxd5
28. Nd2 Qc7 29. g4 Rd7 30. Qe3 Qd6 31. Nb1 Ra1 32. Rfh2 a5 33. Rh6 a4 34. Rxg6+
hxg6 35. Qh6 Rg7 36. Qh8+ Kf7 37. Rh7 Rxb1+ 38. Kxb1 Qd1+ 0-1

[Event "SUI-ch U16"]
[Site "Kreuzlingen"]
[Date "2016.07.02"]
[Round "6.5"]
[White "Hofmann, Colin"]
[Black "Selinga, Jan"]
[Result "1/2-1/2"]
[WhiteElo "1984"]
[BlackElo "1929"]
[PlyCount "107"]
[EventDate "2016.??.??"]

1. e4 e6 2. d4 d5 3. Nd2 Nf6 4. e5 Nfd7 5. c3 c5 6. Bd3 Nc6 7. Ne2 a6 8. O-O b5
9. Nf3 Bb7 10. Nf4 cxd4 11. cxd4 Nb4 12. Bb1 Be7 13. a3 Nc6 14. Qd3 g6 15. Nh3
O-O 16. Qe3 Re8 17. Nfg5 Bf8 18. Re1 Bg7 19. f4 Ne7 20. g4 Nf8 21. Bd3 Qd7 22.
Bd2 a5 23. Nf2 h6 24. Nf3 Rec8 25. Rac1 a4 26. Bb4 Ba6 27. Qe2 Rcb8 28. Rc5 Nc6
29. Bxb5 Bxb5 30. Rxb5 Nxb4 31. Rxb4 Rxb4 32. axb4 Qb7 33. Nd3 Nd7 34. Nc5 Qc6
35. Ra1 Nb6 {(=)} 36. Nd2 Bf8 37. Nb1 Nc4 38. Na3 Bxc5 39. dxc5 Nxa3 40. bxa3
Kg7 41. Qd3 Rb8 42. Kf2 Qd7 43. Ke3 Qc6 44. Kd4 Qb7 45. Rb1 Qc7 46. Qa6 Qd8 47.
Qd6 Qh4 48. Qxb8 Qf2+ 49. Kc3 Qe3+ 50. Kc2 Qe2+ 51. Kc1 Qe1+ 52. Kb2 Qd2+ 53.
Ka1 Qc3+ 54. Ka2 1/2-1/2

[Event "SUI-ch U16"]
[Site "Kreuzlingen"]
[Date "2016.07.02"]
[Round "6.6"]
[White "Lu, Hanqi"]
[Black "Pellicoro, Nathalie"]
[Result "1/2-1/2"]
[WhiteElo "1864"]
[BlackElo "1743"]
[PlyCount "62"]
[EventDate "2016.??.??"]

1. e4 e5 2. Nf3 Nc6 3. Bb5 a6 4. Ba4 Nf6 5. O-O Be7 6. d3 b5 7. Bb3 d6 8. a4
Bd7 9. Bd2 O-O 10. Nc3 b4 11. Ne2 a5 12. Ng3 Be6 13. Rc1 d5 14. Ng5 Qd7 15.
Nxe6 fxe6 16. Be3 Rad8 17. f3 Nb8 18. Qe2 c5 19. f4 exf4 20. Bxf4 Kh8 21. e5
Ne8 22. Bg5 Nc7 23. Qh5 Bxg5 24. Qxg5 Nc6 25. Rf4 Qe7 26. Rcf1 Rxf4 27. Qxf4
Kg8 28. c4 Nd4 29. cxd5 exd5 30. Nf5 Nxf5 31. Qxf5 Rf8 1/2-1/2

[Event "SUI-ch U16"]
[Site "Kreuzlingen"]
[Date "2016.07.02"]
[Round "6.7"]
[White "Lo Presti, Max"]
[Black "Megret, Jean"]
[Result "0-1"]
[WhiteElo "1934"]
[BlackElo "1971"]
[PlyCount "74"]
[EventDate "2016.??.??"]

1. e4 c5 2. Nf3 Nc6 3. d4 cxd4 4. Nxd4 g6 5. Nc3 Bg7 6. Be3 Nf6 7. f3 O-O 8.
Bc4 d6 9. Qd2 Bd7 10. g4 Rb8 11. O-O-O b5 12. Nxc6 Bxc6 13. Bb3 a5 14. Bh6 b4
15. Bxg7 Kxg7 16. Ne2 a4 17. Bc4 Qc7 18. Qd4 Kg8 19. h4 Bb5 20. Bxb5 Rxb5 21.
h5 b3 22. axb3 axb3 23. Nc3 bxc2 24. Kxc2 Rfb8 25. Rb1 e5 26. Qe3 d5 27. exd5
Nxd5 28. Qd2 Qc4 29. hxg6 fxg6 30. Qh6 R8b7 31. Qd2 Qb3+ 32. Kd3 Nf4+ 33. Ke3
Rd5 34. Qc1 Qb6+ 35. Ke4 Qb4+ 36. Ke3 Qc5+ 37. Ke4 Rb4# 0-1

[Event "SUI-ch U16"]
[Site "Kreuzlingen"]
[Date "2016.07.02"]
[Round "6.8"]
[White "Duong, Yisam"]
[Black "Walk, David"]
[Result "1-0"]
[WhiteElo "1992"]
[BlackElo "1725"]
[PlyCount "61"]
[EventDate "2016.??.??"]

1. d4 d5 2. Nf3 Nf6 3. e3 e6 4. Bd3 Be7 5. O-O Nbd7 6. b3 O-O 7. Bb2 c5 8. Nbd2
b6 9. Qe2 Bb7 10. Ne5 Qc7 11. f4 Rac8 12. f5 Ne4 13. Nxe4 dxe4 14. Bc4 Nxe5 15.
dxe5 Bd5 16. f6 Bd8 17. Qg4 g6 18. Qg5 Kh8 19. Qh6 Rg8 20. Rf4 g5 21. Rg4 Rg6
22. Qh5 Qd7 23. Rxg5 Bc7 24. Rxg6 fxg6 25. Qg4 Bxc4 26. bxc4 Qc6 27. Rf1 Rd8
28. Qg5 Qd7 29. f7 Kg7 30. Qf6+ Kf8 31. Qh8+ 1-0

[Event "SUI-ch U16"]
[Site "Kreuzlingen"]
[Date "2016.07.03"]
[Round "7.1"]
[White "Baenziger, Fabian"]
[Black "Meier, Lukas"]
[Result "1-0"]
[WhiteElo "2319"]
[BlackElo "1932"]
[PlyCount "65"]
[EventDate "2016.??.??"]

1. e4 Nf6 2. e5 Nd5 3. d4 d6 4. Nf3 dxe5 5. Nxe5 c6 6. Be2 Nd7 7. Nf3 N7f6 8.
O-O g6 9. h3 Bg7 10. c4 Nc7 11. Bf4 Nh5 12. Be3 c5 13. Nc3 cxd4 14. Nxd4 Nf6
15. Bf3 O-O 16. Qe2 e5 17. Nb3 Ne6 18. Rfd1 Qc7 19. Nd5 Nxd5 20. cxd5 Nf4 21.
Qd2 Bf5 22. Rac1 Qb8 23. Bxf4 exf4 24. d6 Rd8 25. Qxf4 Bxb2 26. Rc7 Rd7 27. Nc5
Rxc7 28. dxc7 Qf8 29. Nxb7 Bf6 30. g4 Bc2 31. Rc1 Qe7 32. Rxc2 Qe1+ 33. Kg2 1-0

[Event "SUI-ch U16"]
[Site "Kreuzlingen"]
[Date "2016.07.03"]
[Round "7.2"]
[White "Giesinger, Elias"]
[Black "Dill, Xaver"]
[Result "1/2-1/2"]
[WhiteElo "2023"]
[BlackElo "2108"]
[PlyCount "49"]
[EventDate "2016.??.??"]

1. d4 Nf6 2. c4 e6 3. Nc3 Bb4 4. Qc2 d5 5. cxd5 exd5 6. Bg5 h6 7. Bxf6 Qxf6 8.
a3 Bxc3+ 9. Qxc3 O-O 10. e3 Bf5 11. Nf3 c6 12. Be2 Nd7 13. O-O Rfc8 14. Rac1 a5
15. b4 axb4 16. axb4 Ra2 17. Rfe1 Rca8 18. Ra1 Qd8 19. Bf1 Qb6 20. Rxa2 Rxa2
21. Qb3 Ra8 22. Qc3 Ra2 23. Qb3 Ra8 24. Qc3 Ra2 25. Qb3 1/2-1/2

[Event "SUI-ch U16"]
[Site "Kreuzlingen"]
[Date "2016.07.03"]
[Round "7.3"]
[White "Goldie, Thomas"]
[Black "Stijve, Theo"]
[Result "1-0"]
[WhiteElo "2171"]
[BlackElo "2071"]
[PlyCount "43"]
[EventDate "2016.??.??"]

1. d4 d5 2. Nc3 Nf6 3. Bg5 c5 4. Bxf6 gxf6 5. e3 Nc6 6. Qh5 e6 7. Nf3 Qb6 8.
O-O-O Bd7 9. dxc5 Qxc5 10. Nd4 Ne5 11. e4 Nc4 12. Nb3 Qxf2 13. Bxc4 dxc4 14.
Rxd7 Kxd7 15. Qxf7+ Kc8 16. Qxe6+ Kb8 17. Qe8+ Kc7 18. Qf7+ Kb8 19. Nd5 Bh6+
20. Kb1 Qxc2+ 21. Kxc2 cxb3+ 22. Kxb3 1-0

[Event "SUI-ch U16"]
[Site "Kreuzlingen"]
[Date "2016.07.03"]
[Round "7.4"]
[White "Pao, Lucas Ping"]
[Black "Hofmann, Colin"]
[Result "0-1"]
[WhiteElo "1976"]
[BlackElo "1984"]
[PlyCount "104"]
[EventDate "2016.??.??"]

1. e4 c5 2. Nc3 Nc6 3. g3 g6 4. Bg2 Bg7 5. d3 d6 6. Be3 e6 7. Qd2 Rb8 8. Nge2
Nd4 9. Nd1 b5 10. Nc1 b4 11. c3 bxc3 12. bxc3 Nc6 13. Ne2 Ba6 14. O-O Nge7 15.
f4 Qc7 16. Nf2 O-O 17. Rad1 Na5 18. g4 f5 19. Ng3 Rb6 20. Rb1 Rfb8 21. Rxb6
Qxb6 22. gxf5 exf5 23. exf5 gxf5 24. c4 Nac6 25. Qe2 Bc8 26. Qh5 Bd7 27. Bh3
Rf8 28. Bg2 Qb2 29. Ne2 Qxa2 30. Nd1 Qc2 31. Nf2 a5 32. Rc1 Qb3 33. Bd2 a4 34.
Bc3 Nd4 35. Nxd4 cxd4 36. Ba1 Nc6 37. Bd5+ Kh8 38. Kh1 Ne7 39. Bf7 Qa2 40. Kg2
Qd2 41. Rg1 Qxf4 42. Kf1 Qc1+ 43. Kg2 Qf4 44. Kf1 Bc6 45. Ke2 Qe3+ 46. Kf1 Bf3
47. Qxf3 Qxf3 48. Rg3 Qxg3 49. hxg3 Rxf7 50. Nd1 a3 51. Ke2 Nc6 52. Kd2 Rb7 0-1

[Event "SUI-ch U16"]
[Site "Kreuzlingen"]
[Date "2016.07.03"]
[Round "7.5"]
[White "Pellicoro, Nathalie"]
[Black "Lucca, Kevin"]
[Result "1/2-1/2"]
[WhiteElo "1743"]
[BlackElo "1956"]
[PlyCount "63"]
[EventDate "2016.??.??"]

1. e4 c5 2. Nc3 a6 3. f4 e6 4. g3 b5 5. d3 Bb7 6. Bg2 Nf6 7. Qe2 Nc6 8. Nf3 Nd4
9. Nxd4 cxd4 10. Nb1 Rc8 11. O-O Qc7 12. c3 Bc5 13. Kh1 h5 14. h3 Qb6 15. b4
Be7 16. Bb2 dxc3 17. Bxc3 d5 18. a3 dxe4 19. dxe4 Rc4 20. Bxf6 Bxf6 21. e5 Be7
22. Nd2 Rc3 23. Bxb7 Qxb7+ 24. Qe4 Qxe4+ 25. Nxe4 Re3 26. Rfe1 Rxe1+ 27. Rxe1
O-O 28. Rc1 Rd8 29. Kg2 Rd3 30. Rc8+ Kh7 31. Rc3 Rxc3 32. Nxc3 1/2-1/2

[Event "SUI-ch U16"]
[Site "Kreuzlingen"]
[Date "2016.07.03"]
[Round "7.6"]
[White "Megret, Jean"]
[Black "Lu, Hanqi"]
[Result "1/2-1/2"]
[WhiteElo "1971"]
[BlackElo "1864"]
[PlyCount "101"]
[EventDate "2016.??.??"]

1. e4 e5 2. Nf3 Nc6 3. d4 exd4 4. Nxd4 Bc5 5. Nb3 Bb6 6. Nc3 a6 7. Qe2 d6 8.
Be3 Bxe3 9. Qxe3 Nf6 10. O-O-O O-O 11. f3 b5 12. g4 b4 13. Ne2 a5 14. Kb1 a4
15. Nbc1 Nd7 16. h4 Nde5 17. Nf4 Na5 18. g5 c5 19. Nd5 Nac4 20. Bxc4 Nxc4 21.
Qf2 Be6 22. f4 Qa5 23. b3 axb3 24. cxb3 Na3+ 25. Ka1 Nb5 26. Qc2 Bxd5 27. exd5
Nc3 28. Rd2 Qa3 29. f5 Rfe8 30. g6 fxg6 31. fxg6 h6 32. Rf1 Rf8 33. Re1 Rae8
34. Rg1 Re5 35. Rh1 Rfe8 36. Rf1 Re1 37. Rdf2 Rxf1 38. Rxf1 Nxd5 39. Qc4 Qa8
40. Rf5 Re5 41. Rxe5 dxe5 42. Nd3 Kh8 43. Nxe5 Qb7 44. Qxc5 Ne7 45. Qf2 Qc8 46.
Nf7+ Kg8 47. Nxh6+ Kh8 48. Nf7+ Kg8 49. Nh6+ Kh8 50. Nf7+ Kg8 51. Nh6+ 1/2-1/2

[Event "SUI-ch U16"]
[Site "Kreuzlingen"]
[Date "2016.07.03"]
[Round "7.7"]
[White "Selinga, Jan"]
[Black "Duong, Yisam"]
[Result "0-1"]
[WhiteElo "1929"]
[BlackElo "1992"]
[PlyCount "58"]
[EventDate "2016.??.??"]

1. e4 e5 2. Nf3 Nc6 3. Bc4 Bc5 4. Nc3 Nf6 5. d3 d6 6. Bg5 h6 7. Bh4 g5 8. Bg3
Be6 9. Nd5 Bxd5 10. exd5 Ne7 11. Bb5+ c6 12. dxc6 bxc6 13. Ba4 Qa5+ 14. c3 Qa6
15. b4 Bb6 16. Bb3 Rd8 17. O-O O-O 18. Qd2 Ng6 19. h4 Kg7 20. hxg5 hxg5 21. Bc4
Qc8 22. Qxg5 Nh7 23. Qd2 Qg4 24. Bh2 Nh4 25. Nxh4 Qxh4 26. Qe2 Ng5 27. Bxe5+
dxe5 28. Qxe5+ f6 29. Qh2 Qg4 0-1

[Event "SUI-ch U16"]
[Site "Kreuzlingen"]
[Date "2016.07.03"]
[Round "7.8"]
[White "Walk, David"]
[Black "Lo Presti, Max"]
[Result "1/2-1/2"]
[WhiteElo "1725"]
[BlackElo "1934"]
[PlyCount "44"]
[EventDate "2016.??.??"]

1. c4 e5 2. Nc3 Nc6 3. g3 Nf6 4. Bg2 Bc5 5. Nf3 a6 6. O-O O-O 7. d3 h6 8. Rb1
d6 9. Na4 Ba7 10. b4 e4 11. Ne1 Ne5 12. dxe4 Nxc4 13. Qc2 Ne5 14. Nd3 Qe7 15.
Nc3 c6 16. Rd1 Be6 17. Nf4 Bc4 18. Ba3 Rfd8 19. Nd3 Be6 20. Nf4 Bc4 21. Nd3 Be6
22. Nf4 Bc4 1/2-1/2